| 000 | 00619nam a22001817a 4500 | ||
|---|---|---|---|
| 005 | 20230201013146.0 | ||
| 008 | 230201b |||||||| |||| 00| 0 eng d | ||
| 020 | _a971-8589-12-0 | ||
| 082 | _aFil. 720.28 F175 2002 | ||
| 100 |
_aFajardo, Max B. Jr. _eauthor |
||
| 245 |
_aPlanning and designers handbook / _cMax B. Fajardo Jr. |
||
| 250 | _a2nd ed. | ||
| 260 |
_aQuezon City: _b5138 Merchandising, _cc2002. |
||
| 300 |
_a342p.; _bill. |
||
| 504 | _aIncludes references | ||
| 541 | _e2408 c.1, 2409 c.2, 2410 c.3, 2411 c.4, 2412 c.5, 4344 c.6 | ||
| 650 | _aArchitecture - Designs and plans - Handbooks, manuals, etc. | ||
| 999 |
_c810 _d810 |
||